| 000 | 00519nam a2200181Ia 4500 | ||
|---|---|---|---|
| 001 | 8700 | ||
| 003 | GE_BSU | ||
| 008 | 181216s||||||||xx |||||||||||||| ||und|| | ||
| 040 | _cGE_BSU | ||
| 245 | _aБанковские технологии №12 (215) 2013 | ||
| 245 | _bНаучно-техническое издание | ||
| 245 | _cГл. ред.Ю.Н.Гордеев | ||
| 260 | _aМосква | ||
| 260 | _c2013 | ||
| 300 | _a64стр.29см. | ||
| 653 | _aБанковские технологии | ||
| 942 | _cCR | ||
| 999 |
_c42014 _d42014 |
||